000 00551nam a2200193Ia 4500
003 GCL
005 20240530103439.0
008 140319s9999 xx 000 0 ara d
040 _aGCL /
_cGCL
082 0 4 _a330.1
_bح ت
100 1 _aحازم الببلاوى
245 1 0 _aالتغيير من اجل الاستقرار /
_cحازم الببلاوى
300 _a238 ص
650 0 4 _aالاقتصاد
650 0 4 _aالسياسة
650 0 4 _aالنظم الاقتصادية
650 0 4 _aالتغير الاجتماعى
942 _2ddc
_cBK
999 _c39472
_d39472